| 000 | 00423nam a2200145Ia 4500 | ||
|---|---|---|---|
| 003 | OSt | ||
| 005 | 20260124085358.0 | ||
| 008 | 211028s2017 xx 000 0 und d | ||
| 040 | _cAIMIT LIBRARY | ||
| 041 | _aeng | ||
| 100 |
_aChethan, H M;Thomas, Babu. _g1516028 _97604 |
||
| 245 | _aStudy on ratio analysis: with reference to cattle feed plant Hassan / | ||
| 260 |
_aMangalore _bDr Babu Thomas. _c2017 |
||
| 942 |
_2ddc _cPRO |
||
| 999 |
_c219172 _d219172 |
||